书目信息 |
| 题名: |
电子制造技术基础
|
|
| 作者: | 吴懿平 , 丁汉 , 吴丰顺 编著 | |
| 分册: | ||
| 出版信息: | 北京 机械工业出版社 2005.07 |
|
| 页数: | xi, 346页 | |
| 开本: | 24cm | |
| 丛书名: | ||
| 单 册: | ||
| 中图分类: | TN05-43 | |
| 科图分类: | ||
| 主题词: | 电子产品--dian zi chan pin--生产工艺--高等学校--教材 | |
| 电子资源: | ||
| ISBN: | 7-111-16343-5 | |
| 000 | 01133nam0 2200289 450 | |
| 001 | 012006192520 | |
| 005 | 20060921155426.40 | |
| 010 | @a7-111-16343-5@dCNY29.00 | |
| 100 | @a20060625d2005 km y0chiy0120 ea | |
| 101 | 0 | @achi |
| 102 | @aCN@b110000 | |
| 105 | @aa a 000yy | |
| 200 | 1 | @a电子制造技术基础@Adian zi zhi zao ji shu ji chu@f吴懿平 … [等] 编著@Fwu yi ping…[deng]bian zhu |
| 210 | @a北京@c机械工业出版社@d2005.07 | |
| 215 | @axi, 346页@c图@d24cm | |
| 300 | @a21世纪普通高等教育规划教材 | |
| 304 | @a责任者还包括:丁汉,吴丰顺,熊振华,安兵,徐勇 | |
| 320 | @a有书目 (第345-346页) | |
| 330 | @a本书介绍了电子产品的主要制造技术,内容包括电子制造概述、芯片设计与制造技术、元器件的互连封装技术、无源元件制造技术、光电封装技术、微机电系统工艺技术等。 | |
| 333 | @a机械、材料与材料加工、微电子、半导体、计算机与通信、化工等相关专业本科生。 | |
| 606 | 0 | @a电子产品@Adian zi chan pin@x生产工艺@x高等学校@j教材 |
| 690 | @aTN05-43@v4 | |
| 701 | 0 | @a吴懿平@Awu yi ping@4编著 |
| 701 | 0 | @a丁汉@Ading han@4编著 |
| 701 | 0 | @a吴丰顺@Awu feng shun@4编著 |
| 801 | 0 | @aCN@bQSSK@c20060921 |
| 905 | @a10447@dTN05-43@eW904 | |
| 电子制造技术基础/吴懿平 … [等] 编著.-北京:机械工业出版社,2005.07 |
| xi, 346页:图;24cm |
| 21世纪普通高等教育规划教材.-使用对象:机械、材料与材料加工、微电子、半导体、计算机与通信、化工等相关专业本科生。 |
| ISBN 7-111-16343-5:CNY29.00 |
| 本书介绍了电子产品的主要制造技术,内容包括电子制造概述、芯片设计与制造技术、元器件的互连封装技术、无源元件制造技术、光电封装技术、微机电系统工艺技术等。 |
| ● |
| 相关链接 |
|
|
|
正题名:电子制造技术基础
索取号:TN05-43/W904
 
预约/预借
| 序号 | 登录号 | 条形码 | 馆藏地/架位号 | 状态 | 备注 |
| 1 | 591314 | 205913145 | 自科库301/301自科库 25排1列2层/ [索取号:TN05-43/W904] | 在馆 | |
| 2 | 591315 | 205913154 | 自科二线404/301自科库 18排2列2层/ [索取号:TN05-43/W904] | 在馆 | |
| 3 | 591316 | 205913163 | 自科库301/301自科库 25排1列2层/ [索取号:TN05-43/W904] | 在馆 |